000 01002nab a2200205 i 4500
001 768714001
003 CO-MdFUSB
005 20240430082118.0
008 240429t2005sp ||||| |||| 00| 0 spa d
040 _bspa
_cCO-MdFUSB
_dCO-MdFUSB
041 _aspa
100 _aOttmar, John,
_eautor
245 1 _aCiberética :
_b¿nuevos desafíos o antiguos problemas?
_c/ John Ottmar
520 _aEste artículo contrasta el discurso teórico de los medios y el debate ético, ya que la ética de los medios está llegando a sus límites gracias a la ubicuidad de Internet. Enfatiza que la base teológica de las reglas de conducta de Internet cae en el vacío porque afecta la vida real.
650 0 _aComunicación (Teología)
_91244
650 7 _aCultura
_93
653 _aCiberespacio, ciberética y ciberteología
773 0 _049450
_960408
_oR0339
_tRevista internacional de teología Concilium
_w(CO-MdFUSB)8
_x0210-1041
_gNúmero 309, (febrero, 2005), páginas: 15 - 28
_qpágina: 15
942 _cANA
999 _c69421
_d69421